| 000 | 00000nam##2200000za#4500 |
| 001 | 9.522927 |
| 003 | CaOODSP |
| 005 | 20200325164727 |
| 007 | ta |
| 008 | 150406|1993||||xxc||||| f|0| 0 fre|d |
| 040 | |aCaOODSP|bfre |
| 041 | |aeng |
| 041 | |afre |
| 043 | |an-cn--- |
| 086 | 1 |aYX4-1993/38 |
| 110 | 1 |aCanada.|bStatuts. |
| 245 | 10|aLoi sur les télécommunications : |b(Loi concernant les télécommunications.) |
| 260 | |bStatuts |cProjet de loi C-62 sanctionné le 23 juin 1993. |
| 300 | |a47p. ; |c27 cm. |
| 490 | 1 |aLois du Canada (1993)|vChapitre 38 |
| 546 | |aBilingue |
| 563 | |aCouverture souple |
| 590 | |a93-28|b1993-07-16 |
| 691 | 07|aLégislation|2gcpds |
| 691 | 07|aTélécommunications|2gcpds |
| 791 | |tTelecommunications Act : |eeng|w(CaOODSP)9.522926 |
| 830 | #0|aLois du Canada (1993)|vChapitre 38|w(CaOODSP)9.509751 |